[Event "Ì15Ï "]
[Site "Loo"]
[Date "2017.04.20"]
[Round "1.7"]
[White "Îæåãîâ, Åãîð."]
[Black "Ãàãàðèí, Âàñèëèé."]
[Result "1/2-1/2"]
[WhiteElo "1632"]
[BlackElo "1956"]
[PlyCount "81"]
[EventDate "2017.04.20"]

1. d4 Nf6 2. Nf3 e6 3. Bf4 b6 4. e3 Bb7 5. Nbd2 c5 6. c3 Be7 7. Bd3 O-O 8. h3
d6 9. O-O Qc7 10. e4 Nc6 11. Qe2 cxd4 12. cxd4 e5 13. Bh2 exd4 14. Rac1 Rac8
15. Bb5 Nd7 16. Bxc6 Bxc6 17. Nxd4 Qb7 18. Nf5 Ne5 19. Nc4 Nxc4 20. Qxc4 Rfd8
21. Rfd1 Bf8 22. Nxd6 Bxd6 23. Rxd6 Bxe4 24. Rxd8+ Rxd8 25. Be5 Qd5 26. Qxd5
Bxd5 27. a3 f6 28. Bg3 Rd7 29. Rc7 Rxc7 30. Bxc7 Kf7 31. f3 Ke6 32. Bb8 a6 33.
Ba7 b5 34. Bd4 Bc4 35. Kf2 Kd5 36. Bc3 Bd3 37. g4 Ke6 38. Ke3 Bf1 39. h4 g6 40.
g5 fxg5 41. hxg5 1/2-1/2

[Event "Ì15Ï "]
[Site "Loo"]
[Date "2017.04.20"]
[Round "1.8"]
[White "Ñîìêèí, Êèðèëë."]
[Black "Èãíàòåíêî, Àðòóð."]
[Result "1-0"]
[WhiteElo "1942"]
[BlackElo "1621"]
[PlyCount "93"]
[EventDate "2017.04.20"]

1. e4 e5 2. Nf3 Nc6 3. Bb5 a6 4. Bxc6 dxc6 5. O-O Bd6 6. d4 Bg4 7. dxe5 Bxf3 8.
Qxf3 Bxe5 9. Nd2 Qf6 10. Qb3 O-O-O 11. Nc4 Bd4 12. Be3 Bxe3 13. fxe3 Qe6 14.
Rxf7 Kb8 15. Na5 Qxb3 16. Nxb3 Nf6 17. e5 Rd7 18. Rxd7 Nxd7 19. e6 Nf6 20. Nc5
Re8 21. Nd7+ Kc8 22. Nxf6 gxf6 23. Kf2 Rxe6 24. Rd1 Rd6 25. Ke2 Rxd1 26. Kxd1
Kd7 27. Ke2 Ke6 28. e4 Ke5 29. Ke3 h5 30. g3 c5 31. c3 c4 32. h3 c5 33. g4 h4
34. Kf3 b5 35. Ke3 a5 36. Kf3 b4 37. a4 bxa3 38. bxa3 a4 39. Ke3 Kd6 40. Kf4
Ke6 41. e5 fxe5+ 42. Ke4 Kf6 43. Kd5 e4 44. Kxe4 Kg6 45. Kf4 Kf6 46. g5+ Ke6
47. Ke4 1-0

[Event "Ì15Ï "]
[Site "Loo"]
[Date "2017.04.20"]
[Round "1.9"]
[White "Êîíîòîï, Äàíèèë."]
[Black "Íîâèêîâ, Àëåêñåé."]
[Result "0-1"]
[WhiteElo "1620"]
[BlackElo "1927"]
[PlyCount "118"]
[EventDate "2017.04.20"]

1. e4 e5 2. Nf3 Nc6 3. Bb5 a6 4. Bxc6 dxc6 5. O-O Bg4 6. h3 Bh5 7. d3 f6 8. Be3
Bd6 9. Nbd2 c5 10. c3 Ne7 11. Qb3 b6 12. d4 cxd4 13. cxd4 exd4 14. Nxd4 Bf7 15.
Qc2 O-O 16. Nc4 Bc5 17. Rfd1 Qc8 18. a3 b5 19. Na5 Bb6 20. Nac6 Nxc6 21. Nxc6
Re8 22. Bf4 Bg6 23. Qb3+ Qe6 24. Qxe6+ Rxe6 25. Nb4 Bxe4 26. Rac1 a5 27. Nd5
Bxd5 28. Rxd5 c6 29. Rd6 Rxd6 30. Bxd6 Rc8 31. Bc5 Bxc5 32. Rxc5 a4 33. Kf1 Kf7
34. Ke2 Ke6 35. Kd2 Kd6 36. Rh5 h6 37. Rh4 c5 38. Re4 g5 39. g4 Rf8 40. f4 f5
41. gxf5 Rxf5 42. fxg5 Rxg5 43. Rh4 h5 44. Kc2 Ke5 45. Kd2 Kf5 46. Kc2 Rg2+ 47.
Kc1 Kg5 48. Re4 Rf2 49. Re5+ Rf5 50. Re4 Rf4 51. Re5+ Kh4 52. Kd2 Rf2+ 53. Kc1
b4 54. axb4 cxb4 55. Ra5 b3 56. Rxa4+ Kxh3 57. Rb4 Rf3 58. Kd1 Kg3 59. Ke2 Rf2+
0-1

[Event "Ì15Ï "]
[Site "Loo"]
[Date "2017.04.20"]
[Round "1.10"]
[White "Àñàòðÿí, Ãîð."]
[Black "Çàêèðîâ, Àðòóð."]
[Result "1-0"]
[WhiteElo "1916"]
[BlackElo "1619"]
[PlyCount "205"]
[EventDate "2017.04.20"]

1. e4 e5 2. Nf3 Nc6 3. Bb5 Nge7 4. c3 g6 5. d4 exd4 6. cxd4 a6 7. Ba4 Bg7 8.
Nc3 b5 9. Bc2 O-O 10. O-O d6 11. h3 Bb7 12. Re1 Na5 13. b3 c5 14. Bb2 Rc8 15.
Ne2 Nac6 16. Qd2 Re8 17. Rac1 cxd4 18. Nexd4 Nxd4 19. Nxd4 Nc6 20. Nxc6 Bxc6
21. Bxg7 Kxg7 22. Rcd1 Bb7 23. Qd4+ Qf6 24. Qxf6+ Kxf6 25. Rxd6+ Re6 26. Rxe6+
Kxe6 27. Re2 b4 28. Bd3 Rc1+ 29. Kh2 a5 30. f4 Ke7 31. Bc4 Rc3 32. Kg1 h6 33.
Kf2 Bc6 34. Ke1 Bb7 35. Kd2 Rg3 36. Kc1 Rc3+ 37. Kd2 Rg3 38. Ke1 Bc6 39. Kf2
Rc3 40. e5 Bd7 41. Bd5 Bf5 42. Rd2 Rc2 43. Ke2 Rxd2+ 44. Kxd2 h5 45. Bc4 Be4
46. g4 h4 47. Ke3 Bg2 48. Be2 Ke6 49. Bf3 Bf1 50. Kf2 Bd3 51. Ke3 Bf1 52. Be2
Bg2 53. Bc4+ Ke7 54. Bd3 Ke6 55. Kf2 Bc6 56. Bc2 Bd5 57. Bb1 Bb7 58. Bd3 Bc6
59. Bc4+ Ke7 60. Bf1 a4 61. bxa4 Bxa4 62. Ke3 b3 63. axb3 Bxb3 64. Bd3 Bd5 65.
Be4 Bc4 66. Bg2 f6 67. Kd4 Bb5 68. exf6+ Kxf6 69. g5+ Kg7 70. Bf3 Bd7 71. Bg2
Be6 72. Bf1 Bd7 73. Ke3 Bf5 74. Kf3 Be6 75. Kg2 Bd5+ 76. Kh2 Be6 77. Be2 Bf5
78. Bg4 Be4 79. Kg1 Bc2 80. Kf2 Bd3 81. Kf3 Bc2 82. Ke3 Bb3 83. f5 gxf5 84.
Bxf5 Bd1 85. Kf4 Be2 86. Bc2 Bh5 87. Bf5 Be2 88. Bg4 Bc4 89. Bf5 Be2 90. Be4
Bd1 91. Bf3 Ba4 92. Kg4 Bd7+ 93. Kxh4 Kg6 94. Be4+ Kg7 95. Kg3 Be8 96. h4 Bd7
97. Kf4 Be8 98. Bf3 Bb5 99. h5 Be8 100. h6+ Kh8 101. Kf5 Kh7 102. Kf6 Bg6 103.
Bg4 1-0

[Event "Ì15Ï "]
[Site "Loo"]
[Date "2017.04.20"]
[Round "1.11"]
[White "Áåëîâ, Êèðèëë."]
[Black "Êðåòîâ, Ëåîíèä."]
[Result "0-1"]
[WhiteElo "1615"]
[BlackElo "1911"]
[PlyCount "38"]
[EventDate "2017.04.20"]

1. e4 e6 2. d4 d5 3. e5 c5 4. c3 Qb6 5. Nf3 Bd7 6. a3 Nc6 7. b4 cxd4 8. cxd4
Rc8 9. Be2 Nh6 10. O-O Nf5 11. Bb2 Be7 12. Bc3 a6 13. Re1 h5 14. Qd3 g5 15. Rd1
g4 16. Ne1 Rg8 17. g3 Na7 18. Nc2 Ba4 19. Rd2 Bb5 0-1

[Event "Ì15Ï "]
[Site "Loo"]
[Date "2017.04.20"]
[Round "1.12"]
[White "Áðèíü, Èëüÿ."]
[Black "ßñòðåáîâ, Íèêèòà."]
[Result "1-0"]
[WhiteElo "1909"]
[BlackElo "1602"]
[PlyCount "63"]
[EventDate "2017.04.20"]

1. e4 c5 2. Nc3 d6 3. f4 Nc6 4. Nf3 Nf6 5. Bb5 Bd7 6. O-O a6 7. Bxc6 Bxc6 8. d3
e6 9. Qe1 Be7 10. Qg3 Rg8 11. Bd2 Qb6 12. Qf2 Nd7 13. a4 Bf6 14. Rae1 Qc7 15.
e5 Bxf3 16. Qxf3 dxe5 17. fxe5 Nxe5 18. Qg3 O-O-O 19. Bf4 Qb6 20. Bxe5 c4+ 21.
d4 Qxb2 22. Rb1 Qxc2 23. Qf3 Rd7 24. Qc6+ Kd8 25. Rxb7 Rxb7 26. Qxb7 Bxe5 27.
dxe5 Qxc3 28. Qb8+ Ke7 29. Qc7+ Ke8 30. Qxf7+ Kd8 31. Rd1+ Kc8 32. Qxe6+ 1-0

[Event "Ì15Ï "]
[Site "Loo"]
[Date "2017.04.20"]
[Round "1.13"]
[White "Ùåïåòîâ, Ìàêñèì."]
[Black "Àáðàìîâ, Èëüÿ."]
[Result "0-1"]
[WhiteElo "1600"]
[BlackElo "1902"]
[PlyCount "26"]
[EventDate "2017.04.20"]

1. d4 f5 2. h3 e6 3. c4 Nf6 4. Nc3 Bb4 5. Bg5 b6 6. a3 Bxc3+ 7. bxc3 d6 8. Nf3
Nbd7 9. e3 Bb7 10. Be2 O-O 11. O-O Qe8 12. Nd2 Qg6 13. Bxf6 Qxg2# 0-1

[Event "Ì15Ï "]
[Site "Loo"]
[Date "2017.04.20"]
[Round "1.14"]
[White "Áîáêîâ, Âàäèì."]
[Black "Êîíîâàëîâ, Àëåêñåé."]
[Result "1-0"]
[WhiteElo "1894"]
[BlackElo "1581"]
[PlyCount "57"]
[EventDate "2017.04.20"]

1. d4 Nf6 2. c4 e6 3. Nf3 Bb4+ 4. Bd2 Bxd2+ 5. Nbxd2 b6 6. e3 Bb7 7. Bd3 d5 8.
O-O O-O 9. Ne5 Nbd7 10. f4 Ne4 11. cxd5 exd5 12. Rf3 f6 13. Bxe4 fxe5 14. Qb3
Kh8 15. Bc2 e4 16. Rg3 Nf6 17. Qc3 h6 18. b4 Qe7 19. Rc1 Rac8 20. Ba4 c6 21.
Bd1 Qd7 22. Be2 Qf5 23. Qa3 Ra8 24. b5 cxb5 25. Rc7 Ne8 26. Rxb7 b4 27. Qxb4 a5
28. Qe7 Rg8 29. Bg4 1-0

[Event "Ì15Ï "]
[Site "Loo"]
[Date "2017.04.20"]
[Round "1.15"]
[White "Äîðîôååâ, Äåíèñ."]
[Black "Áðàò÷èêîâ, Âëàäèñëàâ."]
[Result "1-0"]
[WhiteElo "1581"]
[BlackElo "1894"]
[PlyCount "55"]
[EventDate "2017.04.20"]

1. e4 c6 2. d4 d5 3. Nc3 dxe4 4. Nxe4 Nf6 5. Nxf6+ exf6 6. Nf3 Bd6 7. Bd3 O-O
8. O-O Bg4 9. Be3 Nd7 10. Be2 Re8 11. Qd2 Nb6 12. Nh4 Bxe2 13. Qxe2 Nd5 14. Qg4
Bf8 15. Nf5 Kh8 16. Bd2 Ne7 17. Nxe7 Bxe7 18. Rfe1 c5 19. Bc3 cxd4 20. Bxd4 Qa5
21. Qd7 Qb4 22. Bc3 Qd6 23. Qxb7 Bf8 24. Qxf7 Red8 25. h3 Qf4 26. Rad1 Bc5 27.
Rxd8+ Rxd8 28. Re8+ 1-0

[Event "Ì15Ï "]
[Site "Loo"]
[Date "2017.04.20"]
[Round "1.16"]
[White "Èñìàèëîâ, Àìèð."]
[Black "Áóðäèí, Øàõðîì."]
[Result "1/2-1/2"]
[WhiteElo "1893"]
[BlackElo "1579"]
[PlyCount "226"]
[EventDate "2017.04.20"]

1. c4 e5 2. Nc3 Nf6 3. g3 Bc5 4. Bg2 d6 5. e3 Nc6 6. Nge2 Bg4 7. O-O O-O 8. d3
Re8 9. Rb1 h6 10. a3 a5 11. Qc2 Be6 12. Rd1 Bb6 13. b4 axb4 14. axb4 Qc8 15.
Bd2 Ne7 16. Nb5 Ng6 17. c5 dxc5 18. bxc5 Ra2 19. Qc1 Ba5 20. Nbc3 Bxc3 21. Nxc3
Ra7 22. Qb2 c6 23. Qb6 Qa8 24. d4 exd4 25. exd4 Ne7 26. Re1 Rd8 27. Be3 Ned5
28. Nxd5 Nxd5 29. Qb2 Nc7 30. Ra1 Nb5 31. Rxa7 Qxa7 32. Rd1 Qa2 33. Qxa2 Bxa2
34. Bf1 Bd5 35. Bxb5 cxb5 36. Bf4 f5 37. Re1 Bc6 38. Bd6 Re8 39. Rxe8+ Bxe8 40.
f4 h5 41. Kf2 Kf7 42. d5 b4 43. Ke3 Bb5 44. Kd4 g6 45. Bc7 Ke7 46. Ba5 b3 47.
Kc3 b2 48. Kxb2 Bc4 49. d6+ Ke6 50. Kc3 Bd5 51. Kb4 Bc6 52. Bb6 Bd5 53. Kc3 Bc6
54. Kd4 Be4 55. Bd8 Bc6 56. Ba5 Bb5 57. Bd8 Bc6 58. Bb6 Bb5 59. Ke3 Bc6 60. Kf2
Be4 61. Ba5 Bc6 62. h3 Bd5 63. Bd8 Bc6 64. Be7 Be4 65. Bf8 Bc6 66. Be7 Be4 67.
Bd8 Bc6 68. Ba5 Be4 69. Bb4 Bc6 70. Ke3 Be4 71. Kd4 Bc6 72. Ba3 Kf6 73. Kc4 Ke6
74. Kd4 Kf6 75. Kc4 Ke6 76. Bb2 Kd7 77. Bg7 Ke6 78. Kd4 Bg2 79. h4 Bc6 80. Bh6
Bf3 81. Bg5 Bc6 82. Bd8 Bg2 83. Be7 Bc6 84. Bg5 Bg2 85. d7 Kxd7 86. Ke5 Kc6 87.
Kf6 Bf3 88. Kxg6 Bg4 89. Be7 b6 90. cxb6 Kxb6 91. Kf6 Kc6 92. Ke6 Kc7 93. Ba3
Kc6 94. Bb2 Kc5 95. Ke5 Kc6 96. Ba3 Kd7 97. Kd5 Kc7 98. Kc5 Kd7 99. Bb2 Kc7
100. Be5+ Kd7 101. Kb6 Ke7 102. Kc7 Ke6 103. Kc6 Ke7 104. Bb2 Ke6 105. Ba3 Kf7
106. Kd7 Kf6 107. Bb4 Kf7 108. Be7 Kg7 109. Ke6 Kg6 110. Bf8 Bd1 111. Bc5 Bg4
112. Be3 Bd1 113. Bf2 Bg4 1/2-1/2

[Event "Ì15Ï "]
[Site "Loo"]
[Date "2017.04.20"]
[Round "1.17"]
[White "Êàðäîíîâ, Áààòð."]
[Black "Þí, Âÿ÷åñëàâ."]
[Result "0-1"]
[WhiteElo "1574"]
[BlackElo "1878"]
[PlyCount "72"]
[EventDate "2017.04.20"]

1. d4 d5 2. Nf3 c5 3. e3 Nc6 4. c4 e6 5. Nc3 Nf6 6. Bd3 a6 7. cxd5 exd5 8. O-O
Bd6 9. a3 b6 10. Re1 O-O 11. h3 Bb7 12. b3 Re8 13. Bb2 Bc7 14. Qd2 Qd6 15. Ne2
Ne4 16. Qc2 Qh6 17. Bxe4 dxe4 18. Nd2 Rac8 19. Qd1 Rcd8 20. Rc1 Rd5 21. Nf1 Re6
22. Nfg3 Ne7 23. Ba1 Rg6 24. Rc2 Nf5 25. Nc3 Nxg3 26. Nxd5 Bxd5 27. dxc5 Be6
28. cxb6 Bxh3 29. fxg3 Bxb6 30. Rd2 Bxe3+ 31. Rxe3 Qxe3+ 32. Rf2 h6 33. gxh3
Rxg3+ 34. Kf1 Rxh3 35. Qd4 Qc1+ 36. Kg2 Qh1# 0-1

[Event "Ì15Ï "]
[Site "Loo"]
[Date "2017.04.20"]
[Round "1.18"]
[White "Øàäóíö, Êèðèëë."]
[Black "Âèíîêóð, Ëåîíèä."]
[Result "1-0"]
[WhiteElo "1877"]
[BlackElo "1572"]
[PlyCount "29"]
[EventDate "2017.04.20"]

1. d4 Nf6 2. c4 e5 3. dxe5 Ng4 4. Nf3 Bc5 5. e3 Nc6 6. Nc3 O-O 7. Bd3 Ngxe5 8.
Nxe5 Nxe5 9. Bxh7+ Kxh7 10. Qh5+ Kg8 11. Qxe5 d6 12. Qg3 Be6 13. b3 Qe7 14. Bb2
c6 15. Nd5 1-0

[Event "Ì15Ï "]
[Site "Loo"]
[Date "2017.04.20"]
[Round "1.19"]
[White "Òîëñòûõ, Äìèòðèé."]
[Black "Ãàðèôçÿíîâ, Íèÿç."]
[Result "0-1"]
[WhiteElo "1569"]
[BlackElo "1874"]
[PlyCount "66"]
[EventDate "2017.04.20"]

1. d4 Nf6 2. c4 e6 3. Nc3 Bb4 4. Qc2 O-O 5. Nf3 c5 6. e3 b6 7. dxc5 bxc5 8. Bd2
Bb7 9. Be2 d5 10. cxd5 exd5 11. O-O Nbd7 12. a3 Ba5 13. Na4 Bb6 14. Bc3 Re8 15.
Bb5 Ne4 16. Nxb6 axb6 17. Rfd1 Re6 18. Nd2 Nd6 19. Be2 Rc8 20. Bf3 d4 21. Bxb7
Nxb7 22. Nc4 dxc3 23. Qd3 cxb2 24. Rab1 Nf6 25. Qxd8+ Rxd8 26. Rxd8+ Nxd8 27.
Rxb2 h6 28. Nxb6 Rc6 29. Nc4 Ne6 30. f4 Ne4 31. Ne5 Rc7 32. Rb8+ Nf8 33. a4 c4
0-1

[Event "Ì15Ï "]
[Site "Loo"]
[Date "2017.04.20"]
[Round "1.20"]
[White "Ñîëîäÿíêèí, Òèìîôåé."]
[Black "Ïåðåãóäîâ, Äåíèñ."]
[Result "1-0"]
[WhiteElo "1867"]
[BlackElo "1568"]
[PlyCount "51"]
[EventDate "2017.04.20"]

1. d4 e6 2. c4 Bb4+ 3. Bd2 Bxd2+ 4. Qxd2 f5 5. Nc3 Nf6 6. g3 O-O 7. Bg2 d6 8.
Nf3 Qe8 9. O-O e5 10. dxe5 dxe5 11. Nd5 Rf7 12. Qc3 Nxd5 13. cxd5 e4 14. Ne5
Re7 15. Nc4 Rd7 16. Rfd1 b5 17. Ne3 Qf7 18. d6 c6 19. a4 Ba6 20. g4 bxa4 21.
Rd2 g6 22. gxf5 gxf5 23. Qe5 Qg7 24. Qxg7+ Kxg7 25. Nxf5+ Kf7 26. Rxa4 1-0

[Event "Ì15Ï "]
[Site "Loo"]
[Date "2017.04.20"]
[Round "1.21"]
[White "Äÿøêèí, Äìèòðèé."]
[Black "Êîðîëåâ, Êèðèëë."]
[Result "0-1"]
[WhiteElo "1568"]
[BlackElo "1854"]
[PlyCount "123"]
[EventDate "2017.04.20"]

1. e4 g6 2. d4 Bg7 3. Be3 d6 4. c3 Nd7 5. Bd3 e5 6. d5 Ne7 7. Ne2 O-O 8. O-O f5
9. f3 f4 10. Bf2 g5 11. Nd2 Nf6 12. Kh1 Ng6 13. g3 g4 14. gxf4 gxf3 15. Nxf3
Bg4 16. Bg3 exf4 17. Nxf4 Nxf4 18. Bxf4 Bh3 19. Rg1 Ng4 20. Bg3 Qf6 21. Nd4 Qh6
22. Nf5 Qg5 23. Qc1 Qh5 24. Qd2 Rf6 25. Bf1 Re8 26. Bxh3 Qxh3 27. Qg5 Rg6 28.
Qf4 Be5 29. Qf3 Nxh2 30. Qg2 Qxg2+ 31. Rxg2 Bxg3 32. Nxg3 Nf3 33. Rf1 Ng5 34.
Rf4 Kh8 35. Rh4 Nf3 36. Rh3 Reg8 37. b3 Ne1 38. Rg1 Nd3 39. Kh2 Nf2 40. Rh4
Ng4+ 41. Kh3 Ne5 42. Rh5 Nf3 43. Rg2 Ng5+ 44. Kh2 Nxe4 45. Rh3 Nxc3 46. Rd2
Rxg3 47. Rh4 R8g4 48. Rh6 Ne4 49. Re2 Kg7 50. Rh3 Rg1 51. Rf3 Ng5 52. Re7+ Kg6
53. Rf2 R1g3 54. Re6+ Nxe6 55. dxe6 Rg2+ 56. Rxg2 Rxg2+ 57. Kxg2 Kf6 58. Kf3
Kxe6 59. Ke4 d5+ 60. Kf4 h5 61. a4 h4 62. Kg4 0-1

[Event "Ì15Ï "]
[Site "Loo"]
[Date "2017.04.20"]
[Round "1.22"]
[White "Ãàëè÷êèí, Èëüÿ."]
[Black "Åôàíîâ, Àëåêñåé."]
[Result "0-1"]
[WhiteElo "1851"]
[BlackElo "1567"]
[PlyCount "100"]
[EventDate "2017.04.20"]

1. e4 e5 2. Nf3 Nc6 3. Bb5 Nge7 4. O-O g6 5. d4 exd4 6. Nxd4 Bg7 7. c3 O-O 8.
Bg5 Nxd4 9. cxd4 c6 10. Ba4 Re8 11. Bb3 d5 12. exd5 cxd5 13. Nc3 Be6 14. Re1
Qd6 15. Ba4 Bd7 16. Nb5 Bxb5 17. Bxb5 Nc6 18. Be3 Rac8 19. Qd2 a6 20. Ba4 b5
21. Bb3 Ne7 22. Bc2 Qd7 23. Rac1 Rc6 24. Bd3 Rec8 25. Be2 Rxc1 26. Rxc1 Rxc1+
27. Qxc1 Qc6 28. Qxc6 Nxc6 29. Bf3 Nxd4 30. Bxd4 Bxd4 31. Bxd5 Bxb2 32. Bb7 a5
33. Bc6 b4 34. Kf1 Kf8 35. Ke2 Ke7 36. Kd3 Be5 37. h3 Bc7 38. Ba4 Kd6 39. Bb3
f6 40. Ke4 f5+ 41. Kd3 h6 42. Bf7 g5 43. g4 Ke5 44. Ke2 fxg4 45. hxg4 Kd4 46.
f3 Bf4 47. Kd1 Kc3 48. Be6 a4 49. Bd7 b3 50. Be6 bxa2 0-1

[Event "Ì15Ï "]
[Site "Loo"]
[Date "2017.04.20"]
[Round "1.23"]
[White "Áåçóõîâ, Àëåêñàíäð."]
[Black "Øàêèðîâ, Ìàðàò."]
[Result "0-1"]
[WhiteElo "1564"]
[BlackElo "1849"]
[PlyCount "86"]
[EventDate "2017.04.20"]

1. e4 d6 2. d4 Nf6 3. Nc3 g6 4. f4 Bg7 5. Nf3 O-O 6. Bd3 Na6 7. e5 Ng4 8. h3
Nh6 9. g4 Kh8 10. Be3 Rb8 11. Qd2 c5 12. O-O-O Qa5 13. dxc5 dxc5 14. Bc4 b5 15.
Nxb5 Rxb5 16. Bxb5 Qxb5 17. Rh2 Qa4 18. a3 Qe4 19. Ne1 Ng8 20. Re2 Qb7 21. Qa5
Qb6 22. Qc3 Bb7 23. Nd3 Bf3 24. Nxc5 Bxe2 25. Nd7 Qb7 26. Nxf8 Bxd1 27. Kxd1
Qd5+ 28. Qd3 Qxd3+ 29. cxd3 Bxf8 30. Bxa7 e6 31. b4 Nxb4 32. axb4 Bxb4 33. Ke2
Ne7 34. Kf3 Kg7 35. Ke4 Bd2 36. Bf2 Nd5 37. Bg3 h5 38. d4 hxg4 39. hxg4 Ne3 40.
g5 Kf8 41. Kd3 Bc1 42. Ke4 Ke8 43. Bf2 Nd5 0-1

[Event "Ì15Ï "]
[Site "Loo"]
[Date "2017.04.20"]
[Round "1.24"]
[White "Ãðèøèí, Ïàâåë."]
[Black "Ãàãëàçîâ, Ìèõàèë."]
[Result "0-1"]
[WhiteElo "1840"]
[BlackElo "1550"]
[PlyCount "76"]
[EventDate "2017.04.20"]

1. e4 e6 2. d4 d5 3. Nc3 Nf6 4. Bg5 Bb4 5. e5 h6 6. Bd2 Bxc3 7. bxc3 Ne4 8. Qg4
g6 9. Bd3 Nxd2 10. Kxd2 c5 11. h4 Nd7 12. h5 g5 13. Nh3 c4 14. Be2 f5 15. Qg3
Qa5 16. f4 g4 17. Nf2 Qa3 18. Rhf1 Nb6 19. Qh4 Qe7 20. Qxe7+ Kxe7 21. Rfb1 Bd7
22. Rb4 Rhb8 23. a4 Be8 24. Bxg4 fxg4 25. Nxg4 Bxh5 26. Nf6 Bg6 27. g4 Nd7 28.
Nxd7 Kxd7 29. Rh1 h5 30. gxh5 Bf5 31. Rg1 Kc6 32. Rbb1 Rg8 33. Rg5 Rh8 34. Rh1
Rh6 35. Rh2 Rah8 36. a5 R6h7 37. h6 Rxh6 38. Rg7 Rxh2+ 0-1

[Event "Ì15Ï "]
[Site "Loo"]
[Date "2017.04.20"]
[Round "1.25"]
[White "Äÿòëîâ, Îëåã."]
[Black "Äîí, Àëåêñàíäð."]
[Result "0-1"]
[WhiteElo "1549"]
[BlackElo "1836"]
[PlyCount "96"]
[EventDate "2017.04.20"]

1. f4 d5 2. Nf3 Nf6 3. g3 g6 4. Bg2 Bg7 5. d3 O-O 6. O-O c5 7. Qe1 d4 8. c3 Nc6
9. Bd2 Qb6 10. Qc1 Rd8 11. Na3 Nd5 12. Nc4 Qc7 13. a4 b6 14. Nfe5 Bb7 15. Nxc6
Bxc6 16. Qc2 a6 17. a5 b5 18. Bxd5 Bxd5 19. Nb6 Rab8 20. Nxd5 Rxd5 21. c4 bxc4
22. Qxc4 Rd6 23. Rab1 Qc6 24. f5 Qd5 25. Bf4 Rb4 26. Qxd5 Rxd5 27. fxg6 hxg6
28. Rfc1 Rb5 29. Bd2 Rd7 30. Rc2 Rdb7 31. Kf2 e5 32. Kf3 f5 33. h4 Bf6 34. b4
cxb4 35. Rc6 Bd8 36. Rxg6+ Kf7 37. Rxa6 Rxa5 38. Rxa5 Bxa5 39. e3 dxe3 40. Kxe3
Bb6+ 41. Ke2 Bc5 42. Rb3 Ra7 43. Kd1 Ke6 44. d4 exd4 45. Kc2 Ra3 46. Bxb4 d3+
47. Kb2 Rxb3+ 48. Kxb3 Bxb4 0-1

[Event "Ì15Ï "]
[Site "Loo"]
[Date "2017.04.20"]
[Round "1.26"]
[White "Ïåòðîâ, Íèêîëàé."]
[Black "Ãàâðèëåíêî, Äàíèèë."]
[Result "1-0"]
[WhiteElo "1832"]
[BlackElo "1546"]
[PlyCount "43"]
[EventDate "2017.04.20"]

1. Nf3 Nf6 2. g3 g6 3. Bg2 Bg7 4. O-O O-O 5. c4 d6 6. d4 c5 7. d5 Nbd7 8. Nc3
Nb6 9. Qd3 Bf5 10. e4 Bg4 11. Nd2 Nfd7 12. f4 Nb8 13. f5 gxf5 14. exf5 Bd4+ 15.
Kh1 f6 16. Rf4 Bh5 17. Rh4 Qe8 18. g4 Bf7 19. Qh3 h5 20. gxh5 Kh7 21. Nb3 Bxc3
22. Qe3 1-0

[Event "Ì15Ï "]
[Site "Loo"]
[Date "2017.04.20"]
[Round "1.27"]
[White "Êðèâè÷, Èëüÿ."]
[Black "Ñàäîâíèêîâ, Êîíñòàíòèí."]
[Result "0-1"]
[WhiteElo "1546"]
[BlackElo "1826"]
[PlyCount "82"]
[EventDate "2017.04.20"]

1. Nf3 c5 2. g3 Nc6 3. c4 d6 4. Bg2 Nf6 5. b3 g6 6. Bb2 Bg7 7. O-O O-O 8. Nc3
e6 9. d4 Rb8 10. e4 a6 11. d5 exd5 12. cxd5 Ne7 13. Nd2 b5 14. Qc2 Nd7 15. f4
f5 16. Rad1 Bd4+ 17. Kh1 Bb7 18. Nf3 Bh8 19. Rfe1 b4 20. Nb1 Bxb2 21. Qxb2 fxe4
22. Ng5 Qb6 23. Bh3 Nf5 24. Ne6 Rf7 25. Ng5 Re7 26. Nxe4 Rbe8 27. Nf6+ Nxf6 28.
Rxe7 Rxe7 29. Qxf6 Rf7 30. Qe6 Qd8 31. Kg1 Kg7 32. Qe2 Qe7 33. Qxe7 Rxe7 34.
Bxf5 gxf5 35. Kf2 a5 36. h3 h5 37. Rd3 Ba6 38. Rd2 Re4 39. h4 Kf7 40. Rb2 Rd4
41. Rd2 Bd3 0-1

[Event "Ì15Ï "]
[Site "Loo"]
[Date "2017.04.20"]
[Round "1.28"]
[White "Áóþêëè, Åãîð."]
[Black "Ïàâëè÷åíêî, Íèêèòà."]
[Result "1-0"]
[WhiteElo "1823"]
[BlackElo "1539"]
[PlyCount "165"]
[EventDate "2017.04.20"]

1. d4 e6 2. c4 c5 3. d5 Bd6 4. Nc3 Nf6 5. Nb5 Bc7 6. dxe6 dxe6 7. Qxd8+ Kxd8 8.
Nxc7 Kxc7 9. Bf4+ Kb6 10. O-O-O Nc6 11. Nf3 Ne4 12. Be3 Rd8 13. Rxd8 Nxd8 14.
g3 Bd7 15. Ne5 Bc6 16. Nxc6 Nxc6 17. Bg2 Nd6 18. b3 Nf5 19. Bf4 e5 20. Bxc6
Kxc6 21. e4 exf4 22. exf5 fxg3 23. hxg3 h6 24. f6 g6 25. Rxh6 Kd6 26. Rh4 Ke5
27. Rf4 Rd8 28. Kc2 Rd4 29. Rf3 Rd6 30. Rd3 Rxf6 31. f4+ Kf5 32. Kd2 Kg4 33.
Ke2 Re6+ 34. Kf2 Re7 35. Rd5 b6 36. Rg5+ Kh3 37. Kf3 a5 38. f5 Re5 39. Kf4
Rxf5+ 40. Rxf5 gxf5 41. Kxf5 Kxg3 42. Kf6 Kf3 43. Kxf7 Ke3 44. Ke6 Kd4 45. Kd6
a4 46. Kc6 a3 47. Kxb6 Kc3 48. Kxc5 Kb2 49. b4 Kxa2 50. b5 Kb3 51. b6 a2 52. b7
a1=Q 53. b8=Q+ Kc2 54. Qh2+ Kd3 55. Qg3+ Ke2 56. Qg2+ Ke3 57. Qg5+ Ke2 58. Qg4+
Ke3 59. Qe6+ Kd3 60. Qd5+ Ke3 61. Qe6+ Kd3 62. Qd6+ Ke3 63. Qb6 Kd3 64. Qb3+
Ke4 65. Qc2+ Ke5 66. Qe2+ Kf5 67. Qd3+ Ke6 68. Qd6+ Kf7 69. Kb6 Qb2+ 70. Kc7
Qa2 71. c5 Qa7+ 72. Kc8 Ke8 73. Qd8+ Kf7 74. Qd7+ Qxd7+ 75. Kxd7 Kf6 76. c6 Kf7
77. c7 Kf6 78. c8=Q Kf7 79. Qc6 Kg7 80. Ke7 Kg8 81. Qg2+ Kh7 82. Kf7 Kh8 83.
Qg7# 1-0

[Event "Ì15Ï "]
[Site "Loo"]
[Date "2017.04.20"]
[Round "1.29"]
[White "Áàáàÿí, Àðìàí."]
[Black "Ãåéí, Âëàäèìèð."]
[Result "1/2-1/2"]
[WhiteElo "1531"]
[BlackElo "1822"]
[PlyCount "101"]
[EventDate "2017.04.20"]

1. e4 e6 2. d4 d5 3. Nd2 Nf6 4. Bd3 c5 5. exd5 Qxd5 6. Ngf3 cxd4 7. Bc4 Qd6 8.
O-O Be7 9. Nb3 a6 10. Nbxd4 b5 11. Bb3 O-O 12. Qe2 Bb7 13. Rd1 Nd5 14. a4 bxa4
15. Bxa4 Qb6 16. Ne5 Bf6 17. c3 Bxe5 18. Qxe5 Nc6 19. Nxc6 Bxc6 20. Bc2 Rad8
21. c4 Nf6 22. Bg5 Rxd1+ 23. Rxd1 Qxf2+ 24. Kxf2 Ng4+ 25. Kg3 Nxe5 26. b3 h6
27. Bf4 Nd7 28. Rd6 Rc8 29. b4 Nf6 30. Be5 Be4 31. Bb3 Bb7 32. Rb6 Nd7 33. Rxb7
Nxe5 34. c5 a5 35. bxa5 Rxc5 36. a6 Nc6 37. Ba4 Rc3+ 38. Kf2 Ra3 39. Bxc6 Rxa6
40. Be4 g6 41. Rb2 Kg7 42. Kg3 Ra5 43. h3 Rc5 44. Rb7 Rc4 45. Bb1 Ra4 46. Bc2
Rc4 47. Bb3 Re4 48. Kf3 Re1 49. Bc4 g5 50. Be2 Ra1 51. Bb5 1/2-1/2

[Event "Ì15Ï "]
[Site "Loo"]
[Date "2017.04.20"]
[Round "1.30"]
[White "ßðîø, Ðóñëàí."]
[Black "Êóçíåöîâ, Ñåðãåé."]
[Result "1-0"]
[WhiteElo "1814"]
[BlackElo "1517"]
[PlyCount "103"]
[EventDate "2017.04.20"]

1. e4 e6 2. d4 d5 3. Nc3 Bb4 4. e5 c5 5. a3 Bxc3+ 6. bxc3 Ne7 7. Nf3 h6 8. Be2
b6 9. O-O Ba6 10. Bxa6 Nxa6 11. Qe2 Nb8 12. a4 Nd7 13. Nh4 g5 14. Nf3 Nf5 15.
Ba3 c4 16. Nd2 h5 17. Rfb1 a6 18. Nf1 g4 19. Ne3 Qg5 20. Re1 Nxe3 21. fxe3 f5
22. exf6 Nxf6 23. Rab1 Rb8 24. Bd6 Rb7 25. Be5 O-O 26. Bxf6 Rxf6 27. e4 Kg7 28.
exd5 Qxd5 29. Qd2 Rf5 30. Qe3 h4 31. Qxe6 b5 32. Qxd5 Rxd5 33. Re4 Rg5 34. axb5
Rbxb5 35. Rxb5 axb5 36. Kf2 Kf6 37. Ke3 g3 38. h3 Rh5 39. Re8 Rf5 40. Rf8+ Ke6
41. Rxf5 Kxf5 42. Kf3 Kg5 43. Ke4 Kf6 44. Kf4 Ke6 45. Ke4 Kd6 46. d5 Kd7 47.
Ke5 Ke7 48. d6+ Kd7 49. Kd5 Kd8 50. Kc6 Kc8 51. Kxb5 Kd7 52. Kc5 1-0

[Event "Ì15Ï "]
[Site "Loo"]
[Date "2017.04.20"]
[Round "1.31"]
[White "Ìèêèåâ, Êëèì."]
[Black "Ìîðãà÷åâ, Ñåðãåé."]
[Result "0-1"]
[WhiteElo "1511"]
[BlackElo "1814"]
[PlyCount "132"]
[EventDate "2017.04.20"]

1. d4 Nf6 2. Nf3 e6 3. c4 b6 4. Nc3 Bb4 5. Bg5 Bb7 6. e3 h6 7. Bh4 O-O 8. Be2
d6 9. a3 Bxc3+ 10. bxc3 Nbd7 11. O-O Qe7 12. Bd3 e5 13. e4 Rfe8 14. Re1 Nf8 15.
Nd2 Ne6 16. Nb3 g5 17. Bg3 Nf4 18. Bxf4 gxf4 19. d5 Kh7 20. Kh1 Rg8 21. Qf3 Bc8
22. h3 Bd7 23. Nd4 Kh8 24. Nf5 Bxf5 25. exf5 Rg5 26. Qxf4 Qf8 27. Qe3 Qg7 28.
Rg1 Rg8 29. g3 e4 30. Bxe4 Re8 31. f3 Rxf5 32. Qd3 Nxe4 33. fxe4 Rfe5 34. Rae1
Qg6 35. Kh2 Rxe4 36. Rxe4 Qxe4 37. Qd2 Qe2+ 38. Qxe2 Rxe2+ 39. Rg2 Re3 40. Rc2
Kg7 41. Kg2 Re4 42. Kf3 Rxc4 43. Ke3 f5 44. Kd3 Re4 45. Rf2 Kg6 46. c4 Re1 47.
Kd2 Rh1 48. h4 Ra1 49. Rf3 Ra2+ 50. Kc1 Re2 51. Kd1 Re4 52. Rc3 Kh5 53. Kd2 Kg4
54. Kd1 f4 55. gxf4 Rxf4 56. Ke2 Kxh4 57. Ke3 Kg4 58. Rc1 Rf3+ 59. Ke4 Rxa3 60.
Rg1+ Rg3 61. Rh1 h5 62. Rf1 h4 63. Rf4+ Kh3 64. Rf2 Rg4+ 65. Kd3 Rg2 66. Rf3+
Rg3 0-1